| 000 | 00000nam##2200000za#4500 |
| 001 | 9.647206 |
| 003 | CaOODSP |
| 005 | 20240209132409 |
| 007 | ta |
| 008 | 150407|1998||||xxc||||| f|0| 0 eng|d |
| 020 | |a0-662-27441-5 |
| 040 | |aCaOODSP|beng |
| 043 | |an-cn--- |
| 086 | 1 |aC89-4/53-1998E |
| 110 | 2 |aAtlantic Canada Opportunities Agency. |
| 245 | 10|aComparative perspectives on regional development, March 31, 1998 / |cPrepared by J. D. McNiven and J. E. Plumstead, North American Policy Group. |
| 260 | |aMoncton - New Brunswick : |bAtlantic Canada Opportunities Agency |c1998. |
| 300 | |a77p. ; |c28 cm. |
| 500 | |a"The aim of this report is to provide a modest attempt at some assessment of where Canadian regional development experience is located in a global context."--Page 3. |
| 520 | 3 |aThe aim of this report is to provide a modest attempt at some assessment of where Canadian regional development experience is located in a global context.--Page 3 |
| 563 | |aRing binding |
| 590 | |a99-02|b1999-01-15 |
| 690 | 07|aRegional development|2gcpds |
| 720 | 1 |aMcNiven, J. D. |
| 720 | 1 |aPlumstead, J. E. |
| 775 | 08|tPerspectives comparatives du développement régional, le 31 mars 1998 / |w(CaOODSP)9.680631 |
| 776 | 0#|tComparative perspectives on regional development / |w(CaOODSP)9.695221 |